000 00277nam a22001217a 4500
082 _a543 HAN'M
100 _aMEITES, LOWIS
_957365
245 _aHANDBOOK OF ANALYTICAL CHEMISTRY
250 _a1ST
260 _aNEWYORK
_bMCGRAW HILL
_c1963
300 _aXV, 15-9P
942 _cBK
999 _c567654
_d567654